Pac-Man Ghosts and Fruit - Statistics

General Stats
  • This quiz has been taken 97 times
  • The average score is 10 of 16
Answer Stats
Answer % Correct
Blinky
89%
Cherry
89%
Inky
89%
Pinky
85%
Clyde
79%
Apple
77%
Banana
76%
Orange
76%
Strawberry
73%
Melon
52%
Pear
44%
Key
40%
Sue
39%
Pretzel
37%
Bell
31%
Galaxian
24%
No matching quizzes found
Score Distribution
Percent of People with Each Score
Percentile by Number Answered
Your Score History
You have not taken this quiz